000 00559cam a22002171 4500
001 sa 67002444
003 DLC
005 20260227112331.0
008 890905s1966 ii 000 0 urdr
010 _asa 67002444
035 _a(OCoLC)20302491
040 _aDLC
_cWaU
_dDLC
042 _apremarc
050 0 0 _aPK2524.A7
_bR8
100 1 _aĀsī, ʻAbdulbārī.
245 1 0 _aRubāʻiyāt-i ʻOmar K̲h̲ayyām par ek taḥqīqī naẓar.
260 _aLucknow,
_c[1966]
300 _a160 p.
_c19 cm.
500 _aIn Urdu.
600 0 0 _aOmar Khayyam.
999 _c73280
_d73280